Kumaravyasan (Record no. 1046742)

MARC details
000 -LEADER
fixed length control field 00585nam a2200229Ia 4500
003 - CONTROL NUMBER IDENTIFIER
control field OSt
005 - DATE AND TIME OF LATEST TRANSACTION
control field 20221005123222.0
008 - FIXED-LENGTH DATA ELEMENTS--GENERAL INFORMATION
fixed length control field 221004b |||||||| |||| 00| 0 kan d
037 ## - SOURCE OF ACQUISITION
Terms of availability Textual
040 ## - CATALOGING SOURCE
Original cataloging agency CRL
Transcribing agency CRL
Language of cataloging kan
041 ## - LANGUAGE CODE
Source of code kan
Language code of text/sound track or separate title kan
100 ## - MAIN ENTRY--PERSONAL NAME
Personal name C. Sivashanmugam Tr.
9 (RLIN) 633356
245 #0 - TITLE STATEMENT
Title Kumaravyasan
260 ## - PUBLICATION, DISTRIBUTION, ETC.
Date of publication, distribution, etc. 1999
650 ## - SUBJECT ADDED ENTRY--TOPICAL TERM
Topical term or geographic name entry element KANNAD LITERATURE
942 ## - ADDED ENTRY ELEMENTS (KOHA)
Classification part O33,1I30:g, 31N9
Koha item type Textual
Source of classification or shelving scheme
Holdings
Withdrawn status Lost status Damaged status Not for loan Home library Current library Date acquired Total Checkouts Full call number Barcode Date last seen Price effective from Koha item type Public note
        Central Library Central Library 2022-10-05   O33,1I30:g 31N9 CL1047673 2022-10-05 2022-10-05 Textual Translated from Kannad to Tamil
Copyright @ Delhi University Library System